Statistics for All The Disney Live Action Remakes

Click here to take the quiz!

General Stats

  • This quiz has been taken 26 times
  • The average score is 12 of 22

Answer Stats

Answer% Correct
2023The Little Mermaid
91%
2017Beauty and the Beast
87%
2015Cinderella
87%
2014Maleficent
83%
2019The Lion King
78%
2019Aladdin
74%
1994The Jungle Book
74%
2016The jungle book
74%
2020Mulan
65%
2019Dumbo
61%
2021Cruella
57%
2010Alice in Wonderland
48%
2019Maleficent Mistress of Evil
48%
2019Lady and the Tramp
43%
2018Christopher Robin
35%
2022Pinnochio
35%
1996101 Dalmations
26%
2016Alice through the looking glass
26%
2023Peter Pan and Wendy
26%
2016Petes dragon
22%
2000102 Dalmations
17%
1998The Jungle Book Mowglis story
4%

Score Distribution

Percentile by Number Answered

Percent of People with Each Score

Your Score History

You have not taken this quiz